US States: Smaller or Larger than UK Quiz Stats

Quiz Updated Jun 17, 2016

Challenge
Share
Tweet
Embed
Score 0/50 Timer 04:00
7 Plays Today
State (S)maller or (L)arger % Correct
Rhode Island???
91.5%
Delaware???
90.6%
New Hampshire???
90.6%
Vermont???
90.5%
Maryland???
90.4%
New Jersey???
90.3%
Connecticut???
90.1%
West Virginia???
89.5%
Hawaii???
89.4%
Texas???
88.9%
Massachusetts???
88.9%
South Carolina???
87.7%
Alaska???
87.6%
California???
87.1%
Maine???
86.3%
Kentucky???
85.6%
Iowa???
85%
Indiana???
84.9%
Tennessee???
84.7%
Arkansas???
84.7%
Louisiana???
83.8%
Virginia???
83%
Mississippi???
82.8%
Ohio???
82.4%
North Carolina???
81.9%
State (S)maller or (L)arger % Correct
Alabama???
81.7%
Illinois???
78.8%
Montana???
78.5%
Georgia???
77.6%
Missouri???
76.5%
Kansas???
74.6%
Oklahoma???
72.8%
Arizona???
72.4%
New Mexico???
71.5%
Pennsylvania???
71.4%
Wisconsin???
70.6%
South Dakota???
69.3%
Nevada???
68.9%
New York???
68.9%
Nebraska???
68.6%
North Dakota???
65.2%
Wyoming???
60.3%
Colorado???
57.4%
Florida???
56.3%
Idaho???
54.5%
Washington???
53.2%
Oregon???
46.3%
Minnesota???
45%
Utah???
43.5%
Michigan???
33.3%

You're not logged in!

Compare scores with friends on all Sporcle quizzes.
Sign Up with Email
OR
Log In

You Might Also Like...

Show Comments

Extras

Top Quizzes Today


Score Distribution

Your Account Isn't Verified!

In order to create a playlist on Sporcle, you need to verify the email address you used during registration. Go to your Sporcle Settings to finish the process.